• 首页
  • 本馆介绍
  • 公告通知
  • 最新文献
  • 馆藏检索
  • 电子资源
  • 读者导购
  • 参考咨询
  • 我的图书馆
  • 登录
  • 详细信息显示
  • 放入我的书架
  • 预约/预借图书
  • 作者相关作品
  • 分类相关作品
  • 丛书相关作品
  • 出版社相关作品

书目信息

  • 表格格式
  • 工作单格式
  • 卡片格式
题名:
管理心理学
    
 
作者: 程正方 主编 ;叶景山 副主编
分册:  
出版信息: 北京   当代世界出版社  2003
页数: 295页
开本: 21cm
丛书名:
单 册:
中图分类: C93-05
科图分类:
主题词: 管理心理学
电子资源:
ISBN: 7-80115-697-8
000 00935nam0 2200253 450
000 00941nam0 2200253 450
000 00872nam0 2200229 450
000 00836nam0 2200217 45
005 20070604163745.89
010    @a7-80115-697-8@dCNY11.70
100    @a20070148e20062003em y0chiy0120 ea
101 0  @achi
102    @aCN@b110000
105    @ay z 000yy
200 1  @a管理心理学@AGuan Li Xin Li Xue@f程正方主编@FCheng Zheng Fang Zhu Bian
210    @a北京@c当代世界出版社@d2003@h2006
215    @a295页@d21cm
330    @a本书以管理领域的实践活动为基础,以人性观与管理理论、个体心理、团体心理、组织心理、领导心理为基本思路,针对管理实践中的问题,阐述了管理心理学的基本理论、基本心理规律和管理原理,并注重实际问题的分析与解决。
606 0  @a管理心理学
690    @aC93-05@v4
701  0 @a程正方@ACheng Zheng Fang@4主编
702  0 @a叶景山@AYe Jing Shan@4副主编
801  0 @aCN@bTAOJIN@c20070604
905    @a10447@dC93-05@e316
    
    管理心理学/程正方主编.-北京:当代世界出版社,2003(2006)
    295页;21cm
    
    
    ISBN 7-80115-697-8:CNY11.70
    本书以管理领域的实践活动为基础,以人性观与管理理论、个体心理、团体心理、组织心理、领导心理为基本思路,针对管理实践中的问题,阐述了管理心理学的基本理论、基本心理规律和管理原理,并注重实际问题的分析与解决。
●
相关链接 在E读中查询图书 在五车中查询图书 在当当中查询图书 在豆瓣中查询图书


正题名:管理心理学     索取号:C93-05/316         预约/预借

序号 登录号 条形码 馆藏地/架位号 状态 备注
1 0521182   205211821   第一样本阅览室/ [索取号:C93-05/316] 在馆    
2 0521183   205211830   第一借阅区/ [索取号:C93-05/316] 在馆    
3 0521184   205211849   教育系资料室/ [索取号:C93-05/316] 在馆    
4 0521185   205211858   第一借阅区/ [索取号:C93-05/316] 在馆    
5 0521186   205211867   第一借阅区/ [索取号:C93-05/316] 在馆    
唐山师范学院图书馆 欢迎您!
大连网信软件有限公司© 版权所有